Normal view
MARC view
- MECHANICS APPLIED VECTOR ANALYSIS MECHANICS APPLIED PROBLEMS EXCERCISE
Entry Topical Term
001 - CONTROL NUMBER
- control field: 74717
003 - CONTROL NUMBER IDENTIFIER
- control field: NUST
005 - DATE AND TIME OF LATEST TRANSACTION
- control field: 20210628205256.0
008 - FIXED-LENGTH DATA ELEMENTS
- fixed length control field: 210628|| aca||aabn | a|a d
040 ## - CATALOGING SOURCE
- Original cataloging agency: NUST
- Transcribing agency: NUST
150 ## - HEADING--TOPICAL TERM
- Topical term or geographic name entry element: MECHANICS APPLIED VECTOR ANALYSIS MECHANICS APPLIED PROBLEMS EXCERCISE
670 ## - SOURCE DATA FOUND
- Source citation: Work cat.: (NUST): BEER, FERDINAND P,JOHNSTON, E. RUSSELL 56612, VECTOR MECHANICS FOR ENGINEERS STATIC, 1977
